• 首页
  • 本馆介绍
  • 公告通知
  • 最新文献
  • 馆藏检索
  • 电子资源
  • 读者导购
  • 参考咨询
  • 我的图书馆
  • 登录
  • 详细信息显示
  • 放入我的书架
  • 预约/预借图书
  • 作者相关作品
  • 分类相关作品
  • 丛书相关作品
  • 出版社相关作品

书目信息

  • 表格格式
  • 工作单格式
  • 卡片格式
题名:
初中代数教案
    
 
作者: 胡杞 , 傅佑珊 主编
分册:  
出版信息: 北京   北京师范大学出版社  1999.10
页数: 259页
开本: 18cm
丛书名: 课堂教学设计丛书
单 册:
中图分类: G633.62
科图分类:
主题词: 中学--代数课
电子资源:
ISBN: 7-303-02478-6
000 00753nam2 2200253 45
001 0004031676
005 20041110151238.9
010    @a7-303-02478-6@dCNY23.00
100    @a20000403d1999 km y0chiy0120 ea
101 0  @achi
105    @a z 000yy
200 1  @a初中代数教案@AChu Zhong Dai Shu Jiao An@e二年级@EEr Nian Ji@f胡杞,傅佑珊主编@FHu Qi,Fu You Shan Zhu Bian
210    @a北京@c北京师范大学出版社@d1999.10
215    @a259页@d18cm
225    @a课堂教学设计丛书
300    @a根据最新版九年义务教育教材编写
410    @12001 @a课堂教学设计丛书
517    @a二年级@AEr Nian Ji
606 0  @a中学@x代数课
690    @aG633.62@v1
701  0 @a胡杞@4主编
701  0 @a傅佑珊@4主编
801    @aCN@bTSTC@c20000406
905    @dG633.62@e282:2
    
    初中代数教案:二年级/胡杞,傅佑珊主编.-北京:北京师范大学出版社,1999.10
    259页;18cm.-(课堂教学设计丛书)
    根据最新版九年义务教育教材编写
    
    ISBN 7-303-02478-6:CNY23.00
    
●
相关链接 在E读中查询图书 在五车中查询图书 在当当中查询图书 在豆瓣中查询图书


正题名:初中代数教案     索取号:G633.62/282:2         预约/预借

序号 登录号 条形码 馆藏地/架位号 状态 备注
1 0287143   002871431   第四借阅区/ [索取号:G633.62/282:2] 在馆    
2 0287144   002871440   第四借阅区/ [索取号:G633.62/282:2] 在馆    
3 0287145   002871459   第四借阅区/ [索取号:G633.62/282:2] 在馆    
4 0287146   002871468   第四借阅区/ [索取号:G633.62/282:2] 在馆    
5 0287147   002871477   第四借阅区/ [索取号:G633.62/282:2] 在馆    
6 0287148   002871486   第四借阅区/ [索取号:G633.62/282:2] 在馆    
7 0287149   002871495   第四借阅区/ [索取号:G633.62/282:2] 在馆    
8 0287150   002871501   第四借阅区/ [索取号:G633.62/282:2] 在馆    
9 0287152   002871529   第四借阅区/ [索取号:G633.62/282:2] 在馆    
10 0287153   002871538   第四借阅区/ [索取号:G633.62/282:2] 在馆    
11 0287154   002871547   第四借阅区/ [索取号:G633.62/282:2] 在馆    
12 0287155   002871556   第四借阅区/ [索取号:G633.62/282:2] 在馆    
13 0287156   002871565   第四借阅区/ [索取号:G633.62/282:2] 在馆    
14 0287157   002871574   第四借阅区/ [索取号:G633.62/282:2] 在馆    
15 0287158   002871583   第四借阅区/ [索取号:G633.62/282:2] 在馆    
16 0287159   002871592   第四借阅区/ [索取号:G633.62/282:2] 在馆    
17 0287160   002871609   第四借阅区/ [索取号:G633.62/282:2] 在馆    
18 0287161   002871618   第四借阅区/ [索取号:G633.62/282:2] 在馆    
19 0287162   002871627   第一样本阅览室/ [索取号:G633.62/282:2] 在馆    
唐山师范学院图书馆 欢迎您!
大连网信软件有限公司© 版权所有